[Event "JUG Cup"]
[Site "Ulcinj"]
[Date "1997.??.??"]
[Round "?"]
[White "Vukovic, Zdravko"]
[Black "Vratonjic, Slobodan"]
[Result "1/2-1/2"]
[WhiteElo "2455"]
[BlackElo "2435"]

1.e4 c5 2.Nf3 e6 3.d4 cxd4 4.Nxd4 Nc6 5.Nc3 Qc7 6.Be2 Nf6 7.O-O Be7 8.Kh1 O-O
9.f4 d6 10.Be3 a6 11.Qe1 Nxd4 12.Bxd4 b5 13.a3 Bb7 14.Qg3 Bc6 15.Rae1 Rae8
16.Bf3 Bd8 17.e5 dxe5 18.Bxe5 Qb7 19.Bxc6 Qxc6 20.Ne4 Kh8 21.Nxf6 gxf6 22.Bc3 Rg8
23.Qf3 Qxf3 24.Rxf3 Be7 25.Rd1 Rd8 26.Rfd3 Rxd3 27.Rxd3 Rd8 28.Rxd8+ Bxd8
29.g4 Kg7 30.f5 h5 31.gxh5 Kh6 32.Bd2+ Kxh5 33.h3 Be7 34.Kg2 Kh4 35.Bf4 Bd8
36.Kf3 Kxh3 37.Bd6 Kh4 38.b3 Kg5 39.fxe6  1/2-1/2

[Event "JUG Cup"]
[Site "Ulcinj"]
[Date "1997.??.??"]
[Round "?"]
[White "Vukovic, Zdravko"]
[Black "Tesic, Dragan"]
[Result "1-0"]
[WhiteElo "2455"]
[BlackElo "2355"]

1.e4 c5 2.Nf3 e6 3.d4 cxd4 4.Nxd4 Nc6 5.Nc3 a6 6.Be2 Qc7 7.O-O Nf6 8.Kh1 d6
9.f4 Be7 10.Be3 O-O 11.Qe1 Nxd4 12.Bxd4 b5 13.a3 Bb7 14.Qg3 Bc6 15.Rae1 Qb7
16.Bd3 b4 17.Nd1 bxa3 18.bxa3 g6 19.Nf2 Rad8 20.Ng4 Nxg4 21.Qxg4 f5 22.exf5 exf5
23.Qe2 Rf7 24.Rb1 Qa8 25.Rb6 Bb5 26.Bxb5 axb5 27.Qxb5 Qe4 28.c3 Ra8 29.a4 g5
30.fxg5 f4 31.Rb8+ Rxb8 32.Qxb8+ Rf8 33.Qb1 Qxb1 34.Rxb1 Ra8 35.Rb7 Kf8 36.Ba7 Rc8
37.Rb8 Rxb8 38.Bxb8  1-0

[Event "JUG Cup"]
[Site "Ulcinj"]
[Date "1997.??.??"]
[Round "?"]
[White "Velimirovic, Dragoljub"]
[Black "Rajkovic, Dusan"]
[Result "1/2-1/2"]
[WhiteElo "2485"]
[BlackElo "2470"]

1.e4 c5 2.Nf3 e6 3.d4 cxd4 4.Nxd4 Nc6 5.Nc3 Qc7 6.Be2 a6 7.O-O Nf6 8.Be3 Bb4
9.Na4 O-O 10.c4 Nxe4 11.c5 d6 12.Nxc6 Qxc6 13.Nb6  1/2-1/2

[Event "JUG Cup"]
[Site "Ulcinj"]
[Date "1997.??.??"]
[Round "?"]
[White "Stojanovic, Mihajlo"]
[Black "Vratonjic, Slobodan"]
[Result "1/2-1/2"]
[WhiteElo "2445"]
[BlackElo "2435"]

1.e4 c5 2.Nf3 e6 3.d4 cxd4 4.Nxd4 Nc6 5.Nc3 Qc7 6.g3 a6 7.Bg2 Nf6 8.O-O d6
9.Re1 Rb8 10.Nxc6 bxc6 11.Na4 Be7 12.c4 c5 13.e5 dxe5 14.Rxe5 Bd6 15.Re1 O-O
16.b3 Rd8 17.Qe2 Bb7 18.Bb2 Bxg2 19.Kxg2 Be7 20.Rad1 Qb7+ 21.Qf3 Rxd1 22.Rxd1 Nd7
23.Bc1 Ne5 24.Qxb7 Rxb7 25.Be3 Rd7 26.Rf1 Ng4 27.Bc1 f5 28.h3 Nf6 29.Be3 Rc7
30.Bf4 Rd7 31.Be3 Rc7 32.Bf4 Rd7 33.Be3 Rc7  1/2-1/2

[Event "JUG Cup"]
[Site "Ulcinj"]
[Date "1997.??.??"]
[Round "?"]
[White "Kosanovic, Goran A"]
[Black "Paunovic, Dragan"]
[Result "1/2-1/2"]
[WhiteElo "2455"]
[BlackElo "2495"]

1.e4 c5 2.Nf3 e6 3.d4 cxd4 4.Nxd4 Nc6 5.Nc3 Qc7 6.Be2 a6 7.f4 b5 8.Nxc6 Qxc6
9.Bf3 Bb7 10.Be3 Rc8 11.Qd4 b4 12.e5 Qc7 13.Ne4 Bxe4 14.Bxe4 Nh6 15.O-O-O Ng4
16.h3 Nxe3 17.Qxe3 d5 18.exd6 Bxd6 19.Rhf1 O-O 20.f5 exf5 21.Bxf5 Rcd8 22.Kb1 Bc5
23.Qb3 Rxd1+ 24.Rxd1 Rd8 25.Rxd8+ Qxd8 26.Qd3 Qxd3 27.Bxd3  1/2-1/2

[Event "Vantaa We Remi"]
[Site "Vantaa"]
[Date "1997.??.??"]
[Round "2"]
[White "Shalnev, Nicolai"]
[Black "Haapasalo, Jukka Pekka"]
[Result "1-0"]
[WhiteElo "2295"]
[BlackElo "2175"]

1.e4 c5 2.Nf3 e6 3.d4 cxd4 4.Nxd4 Nc6 5.Nc3 a6 6.g3 d6 7.Bg2 Bd7 8.Nxc6 Bxc6
9.a4 b5 10.Qe2 Rb8 11.O-O Be7 12.axb5 axb5 13.Rd1 b4 14.Nb1 Qc7 15.c4 Nf6
16.b3 O-O 17.Bb2 Qb7 18.Nd2 Rfe8 19.h3 Nd7 20.f4 Bf6 21.Bxf6 Nxf6 22.Kh2 Ra8
23.Qd3 Red8 24.Rxa8 Qxa8 25.Qd4 Qa5 26.Nf1 h5 27.c5 Qa2 28.Rd2 Qxb3 29.cxd6 Qc3
30.e5 Bxg2 31.Kxg2 Nd5 32.h4 Kf8 33.Kf2 b3 34.Qa7 b2 35.Qb7 Qc5+ 36.Kg2 b1=Q
37.Qxb1 Nc3 38.Qb7 Kg8 39.Qc7  1-0

[Event "Clarin GP op"]
[Site "Villa Martelli"]
[Date "1997.??.??"]
[Round "6"]
[White "Rosito, Jorge"]
[Black "Vescovi, Giovanni"]
[Result "0-1"]
[WhiteElo "2400"]
[BlackElo "2480"]

1.e4 c5 2.Nf3 e6 3.d4 cxd4 4.Nxd4 Nc6 5.Nc3 Qc7 6.Be2 a6 7.O-O Nf6 8.Kh1 b5
9.Nxc6 dxc6 10.f4 b4 11.e5 bxc3 12.exf6 gxf6 13.Qd4 Rg8 14.Qxc3 f5 15.Be3 c5
16.Bf3 Bb7 17.Rad1 Rc8 18.Qc4 Bxf3 19.Rxf3 Qc6 20.Bf2 Be7 21.Rdd3 Rb8 22.Qc3 Rd8
23.Rxd8+ Kxd8 24.b4 c4 25.h3 Qd5 26.a4 Kc8 27.Kh2 h5 28.Rg3 Rxg3 29.Qxg3 Qe4
30.Qg8+ Kd7 31.Qxf7 Qxf4+ 32.Bg3 Qe4 33.Qg7 h4  0-1

[Event "Mikenas mem op"]
[Site "Vilnius"]
[Date "1997.??.??"]
[Round "?"]
[White "Khalifman, Alexander"]
[Black "Ruzele, Darius"]
[Result "1/2-1/2"]
[WhiteElo "2650"]
[BlackElo "2515"]

1.e4 c5 2.Nf3 e6 3.d4 cxd4 4.Nxd4 Nc6 5.Nc3 Qc7 6.Be2 a6 7.O-O Nf6 8.Kh1 Nxd4
9.Qxd4 Bc5 10.Qd3 b5 11.f4 Bb7 12.Bf3 h5 13.e5 Ng4 14.Bxb7 Qxb7 15.Ne4 Be7
16.Bd2 Qc6 17.Rae1 h4 18.Qf3 Nh6 19.Ba5 Nf5 20.c3 Rc8 21.a3 Bc5 22.Qh3 Rh6
23.Bb4  1/2-1/2

[Event "Mikenas mem op"]
[Site "Vilnius"]
[Date "1997.??.??"]
[Round "?"]
[White "Fedorov, Alexei"]
[Black "Kveinys, Aloyzas"]
[Result "1-0"]
[WhiteElo "2580"]
[BlackElo "2545"]

1.e4 c5 2.Nf3 Nc6 3.Nc3 e6 4.d4 cxd4 5.Nxd4 Qc7 6.g3 a6 7.Bg2 Nf6 8.Nb3 Be7
9.O-O O-O 10.f4 d6 11.Be3 b5 12.a3 Bb7 13.g4 Nd7 14.g5 Rfe8 15.Rf3 Bf8 16.Rh3 g6
17.Qe1 Nb6 18.Qh4 h5 19.Bf3 Nc4 20.Bxh5 Nxe3 21.Bxg6 Bg7 22.Bh7+ Kf8 23.Rxe3 Nd4
24.Rd3 Nxc2 25.Rad1 Nxa3 26.f5 exf5 27.exf5 Bxc3 28.Rxc3 Qb6+ 29.Nd4 Re4
30.Qf2 Nc4 31.Rxc4 Rg4+ 32.Kf1 Bg2+ 33.Ke2 Re8+ 34.Kd2 Qa5+ 35.Rc3 b4 36.Rg3 b3+
37.Rc3 Bd5 38.Rg1 Rxg1 39.Qxg1 Qa2 40.Qc1 Qa4 41.Rd3 Bc4 42.Re3 Re5 43.Qc3 Rc5
44.Nxb3 Rd5+ 45.Ke1 Re5 46.Rxe5 dxe5 47.Nd2 Bb5 48.Qa3+  1-0

[Event "CHI-ch"]
[Site "Vina del Mar"]
[Date "1997.??.??"]
[Round "1"]
[White "Egger, Jorge"]
[Black "Rosa, Fernando"]
[Result "1-0"]
[WhiteElo "2410"]
[BlackElo "2175"]

1.e4 c5 2.Nc3 Nc6 3.Nge2 e6 4.d4 cxd4 5.Nxd4 a6 6.Be3 Nge7 7.Bd3 Nxd4 8.Bxd4 Nc6
9.Be3 b5 10.O-O Bb7 11.f4 Be7 12.e5 d5 13.exd6 Qxd6 14.a4 b4 15.Ne4 Qc7 16.Qh5 Rd8
17.Ng5 g6 18.Qh6 Bf8 19.Qh3 Bg7 20.Rae1 Nd4 21.Bxd4 Bxd4+ 22.Kh1 Bd5 23.f5 Qe7
24.Qh6 gxf5 25.Bxf5 Rg8 26.h4 e5 27.Bxh7 Rf8 28.Be4 Rd6 29.Qg7 Bxe4 30.Rxe4 f5
31.Qxe7+ Kxe7 32.Ree1 Kd7 33.b3 Rh8 34.g3  1-0

[Event "CHI-ch"]
[Site "Vina del Mar"]
[Date "1997.??.??"]
[Round "3"]
[White "Egger, Jorge"]
[Black "Letelier, Rene"]
[Result "1-0"]
[WhiteElo "2410"]
[BlackElo "2205"]

1.e4 c5 2.Nc3 Nc6 3.Nge2 e6 4.d4 cxd4 5.Nxd4 Nf6 6.Ndb5 d6 7.Bf4 e5 8.Bg5 Be6
9.Bxf6 gxf6 10.Nd5 Rc8 11.Bd3 f5 12.O-O a6 13.Nbc3 f4 14.g3 Nd4 15.Kh1 Bh3
16.Rg1 h5 17.gxf4 Bg4 18.Rxg4 hxg4 19.Qxg4 Rc6 20.Rg1 Rh4 21.Qg3 exf4 22.Nxf4 d5
23.exd5 Rch6 24.h3 Bd6 25.Qg8+ Kd7 26.Qxf7+ Kc8 27.Rg7 Bc7 28.d6 Qxd6 29.Rg8+ Bd8
30.Ncd5 Rxh3+ 31.Nxh3 Rxh3+ 32.Kg2 Rh2+ 33.Kg1 Rh6 34.Qf4 Qxd5 35.Rxd8+ Kxd8
36.Qxh6 Nf3+ 37.Kf1 Kc7 38.Qf4+ Kb6 39.Qe3+ Kc7 40.a3 Nd4 41.Qe4 Qd7 42.Ke1 Qg7
43.Qf4+ Kb6 44.Kd2 Nc6 45.c3 Qg8 46.Kc2 Qg7 47.Qe3+ Kc7 48.Qg3+  1-0

[Event "Vlissingen HZ op"]
[Site "Vlissingen"]
[Date "1997.??.??"]
[Round "7"]
[White "Middelburg, Tom"]
[Black "Horvath, Tamas"]
[Result "0-1"]
[WhiteElo "2195"]
[BlackElo "2390"]

1.e4 c5 2.Nf3 e6 3.d4 cxd4 4.Nxd4 Nc6 5.Nc3 Qc7 6.Be2 Nf6 7.O-O a6 8.Be3 Bb4
9.Na4 O-O 10.Nxc6 bxc6 11.f4 Be7 12.Bd3 d6 13.Nb6 Rb8 14.Nxc8 Qxc8 15.e5 Nd5
16.Bd4 c5 17.exd6 cxd4 18.dxe7 Nxe7 19.b3 g6 20.Be4 Qc5 21.Kh1 a5 22.Rf3 f5
23.Bd3 Nc6 24.Bc4 Rfe8 25.c3 Rbd8 26.cxd4 Rxd4 27.Rd3 Rxf4 28.Qc1 Qe5 29.Re3 Re4
30.Rxe4 fxe4 31.Qe1 Rd8 32.Rd1 Rxd1 33.Qxd1 e3 34.g3 Nd4 35.Be2 Qf6 36.Qe1 Qf5
37.Kg1 Kg7 38.g4 Qf4  0-1

[Event "Walsall op"]
[Site "Walsall"]
[Date "1997.??.??"]
[Round "3"]
[White "Bellin, Robert"]
[Black "Quinn, Mark"]
[Result "0-1"]
[WhiteElo "2400"]
[BlackElo "2355"]

1.e4 c5 2.Nf3 e6 3.Nc3 Nc6 4.d4 cxd4 5.Nxd4 d6 6.Be3 Nf6 7.Bc4 Be7 8.Qe2 a6
9.O-O-O Qc7 10.Bb3 h5 11.h3 h4 12.Bg5 Bd7 13.Nf3 b5 14.Bxh4 b4 15.Nb1 Na5
16.Rhe1 Bb5 17.Qd2 Rc8 18.Bg3 Nxb3+ 19.axb3 e5 20.c3 a5 21.Qc2 O-O 22.Re3 Qa7
23.Bh4 Rfd8 24.g4 Rd7 25.Nbd2 a4 26.bxa4 Bxa4 27.b3 bxc3 28.Nb1 Bxb3  0-1

[Event "Warsaw-ch"]
[Site "Warsaw"]
[Date "1997.??.??"]
[Round "1"]
[White "Szefer, Michal"]
[Black "Staniszewski, Piotr"]
[Result "1/2-1/2"]
[WhiteElo "2140"]
[BlackElo "2440"]

1.e4 c5 2.Nf3 e6 3.d4 cxd4 4.Nxd4 Nc6 5.Nc3 d6 6.Be2 Nf6 7.Be3 Be7 8.O-O O-O
9.Kh1 Bd7 10.f4 Nxd4 11.Bxd4 Bc6 12.Bd3 Qd7 13.Qe1 b5 14.Rd1 Qb7 15.b4 a6
16.Qg3 Nh5 17.Qh3 Nxf4 18.Rxf4 e5 19.Rg4 exd4 20.e5 g6 21.exd6 dxc3 22.dxe7 Qxe7
23.Rh4 f5 24.Qg3 Rae8 25.Rd4 Rd8 26.Rxd8 Rxd8 27.h3 Qf6 28.Qc7 Rd7 29.Bc4+ bxc4
30.Rxd7 Bxd7 31.Qxd7 Qe5 32.Qc8+ Kg7 33.Qxa6 Qe1+ 34.Kh2 Qe5+ 35.Kh1 Qe1+
36.Kh2  1/2-1/2

[Event "Warsaw-ch"]
[Site "Warsaw"]
[Date "1997.??.??"]
[Round "4"]
[White "Tarachowicz, Alina"]
[Black "Ponceleusz, Bronislaw"]
[Result "1-0"]
[WhiteElo "2030"]
[BlackElo "2135"]

1.e4 c5 2.Nf3 e6 3.d4 cxd4 4.Nxd4 Nc6 5.Nc3 Qb6 6.Ndb5 Bb4 7.a3 Bxc3+ 8.Nxc3 Nf6
9.Bc4 O-O 10.O-O Qc5 11.Ba2 Qe5 12.Re1 Kh8 13.f4 Qd4+ 14.Be3 Qxd1 15.Raxd1 b6
16.h3 Nb8 17.e5 Ne8 18.Nb5 Bb7 19.c3 Bc6 20.Nd4 Bb7 21.Bb1 Nc7 22.Bf2 Nba6
23.f5 Bd5 24.Ne2 Nc5 25.Nf4 Bc6 26.Bh4 Nd5 27.Nh5 b5 28.Bf2 Na4 29.Rd2 Nab6
30.Bd4 Nc4 31.Rf2 a5 32.b3 Nxa3 33.Bc5 Nxb1 34.Bxf8 Rxf8 35.Rxb1 Nxc3 36.fxe6 Nxb1
37.e7 Re8 38.Rxf7 Kg8  1-0

[Event "Warsaw-ch"]
[Site "Warsaw"]
[Date "1997.??.??"]
[Round "9"]
[White "Shilov, Sergej"]
[Black "Staniszewski, Piotr"]
[Result "1-0"]
[WhiteElo "2345"]
[BlackElo "2440"]

1.e4 c5 2.Nf3 e6 3.d4 cxd4 4.Nxd4 Nc6 5.Nc3 d6 6.Bc4 Nf6 7.Be3 Be7 8.Bb3 O-O
9.Qe2 a6 10.O-O-O Qc7 11.g4 Nxd4 12.Rxd4 e5 13.Rc4 Qd8 14.g5 Nd7 15.Nd5 Bxg5
16.Rg1 Bxe3+ 17.Qxe3 Kh8 18.Qg3 g6 19.Rc7 Nc5 20.Re7 Be6 21.Nf6 Rg8 22.Qh4 Rg7
23.Re8+ Qxe8 24.Nxe8 Rxe8 25.Bxe6 fxe6 26.Rd1 Rd7 27.f4 Nxe4 28.fxe5 d5 29.Rf1 Rc7
30.Qh6 Kg8 31.Kb1 g5 32.Rg1 Rg7 33.a4 Rg6 34.Qh5 Rf8 35.h4 Rf5 36.hxg5 Rxe5
37.Qh2 Rexg5 38.Rxg5 Rxg5 39.Qb8+ Kg7 40.Qxb7+ Kg6 41.Qxa6 Kf5 42.Qc8 h5
43.a5 Nd2+ 44.Ka2 Rg4 45.b3 d4 46.a6 Ne4 47.a7 Nc3+ 48.Kb2 Rg1 49.a8=Q Rb1+
50.Ka3 Ra1+ 51.Kb4 Rxa8 52.Qxa8 h4 53.Qh8  1-0

[Event "Wattens op"]
[Site "Wattens"]
[Date "1997.??.??"]
[Round "?"]
[White "Rotstein, Arkadij"]
[Black "Platzgummer, Peter"]
[Result "1-0"]
[WhiteElo "2455"]
[BlackElo "1760"]

1.e4 c5 2.Nc3 e6 3.Nge2 Nc6 4.d4 cxd4 5.Nxd4 d5 6.exd5 exd5 7.Bb5 Ne7 8.O-O Qd6
9.Re1 Bd7 10.Bg5 O-O-O 11.Nxc6 Bxc6 12.Qd4 b6 13.Bxe7 Bxe7 14.Bxc6 Bf6 15.Qa4 Bxc3
16.Qa6+  1-0

[Event "Wattens op"]
[Site "Wattens"]
[Date "1997.??.??"]
[Round "?"]
[White "Netolitzky, Gregor"]
[Black "Schmied, Roman"]
[Result "1-0"]
[WhiteElo "2225"]
[BlackElo "1965"]

1.e4 c5 2.Nf3 e6 3.d4 cxd4 4.Nxd4 Nc6 5.Nc3 a6 6.g3 Nge7 7.Bg2 Nxd4 8.Qxd4 Nc6
9.Qd1 Be7 10.O-O O-O 11.Be3 Ne5 12.Qe2 b5 13.b3 Qc7 14.Nd1 Bb7 15.f4 Nc6
16.h4 Rac8 17.h5 Na5 18.Rf2 d5 19.h6 g6 20.Bd4 Bc5 21.Qd2 Bxd4 22.Qxd4 f6
23.exd5 Qd6 24.Qd2 b4 25.dxe6 Qxe6 26.Qxb4 Bxg2 27.Rxg2 Nc6 28.Qb7 Rf7 29.Qxa6 Re8
30.Nf2  1-0

[Event "VAM Hoogeveen op"]
[Site "Wijk aan Zee"]
[Date "1997.??.??"]
[Round "9"]
[White "Van Rijn, Wouter"]
[Black "Ernst, Sipke"]
[Result "1-0"]
[WhiteElo "2235"]
[BlackElo "2270"]

1.e4 c5 2.Nf3 e6 3.d4 cxd4 4.Nxd4 Nc6 5.Nc3 Qc7 6.g3 d6 7.Ndb5 Qb8 8.Bf4 Ne5
9.Bxe5 dxe5 10.Qd3 a6 11.O-O-O Be7 12.Nd6+ Bxd6 13.Qxd6 Qxd6 14.Rxd6 Ke7
15.Rb6 Nf6 16.Be2 Rd8 17.Rd1 Rxd1+ 18.Kxd1 Nd7 19.Rb4 b6 20.a4 Bb7 21.Kd2 g5
22.Ke3 Rg8 23.f3 Kd6 24.Nd1 h5 25.Nf2 a5 26.Rb3 Nc5 27.Rxb6+ Kc7 28.Rb5 Nxa4
29.Rxa5 Nxb2 30.Ra2 Rd8 31.Rxb2 f5 32.Bd3 f4+ 33.Ke2 Ra8 34.Rb5  1-0

[Event "VAM Hoogeveen op"]
[Site "Wijk aan Zee"]
[Date "1997.??.??"]
[Round "9"]
[White "Van Haastert, Edwin"]
[Black "De Boer, Sybolt"]
[Result "1-0"]
[WhiteElo "2345"]
[BlackElo "2290"]

1.e4 c5 2.Nf3 e6 3.d4 cxd4 4.Nxd4 Nc6 5.Nc3 Qc7 6.f4 a6 7.Nxc6 Qxc6 8.Bd3 b5
9.Qe2 Bb7 10.Bd2 Be7 11.a3 Qb6 12.Be3 Qc7 13.e5 g6 14.O-O h5 15.Qf2 Nh6 16.Bb6 Qc8
17.Ne4 Nf5 18.Rfc1 Bd5 19.Bc5 Bh4 20.g3 Qc6 21.Re1 Rc8 22.b4 Be7 23.Bxe7 Kxe7
24.Rad1 Bxe4 25.Bxe4 Qc4 26.Qa7 Rhd8 27.Qxa6 h4 28.g4 d5 29.gxf5 gxf5 30.Bf3 Rg8+
31.Kh1 Qxf4 32.Qa7+ Kf8 33.Qe3 Qxe3 34.Rxe3 Rxc2 35.Rg1 Rxg1+ 36.Kxg1 f4
37.Rd3 Rc4 38.Kg2 Kg7 39.Kh3 Kg6 40.Kg4 h3 41.Rd2 Rc3 42.Ra2  1-0

[Event "Wuerttemberg-ch"]
[Site "Willsbach"]
[Date "1997.??.??"]
[Round "1"]
[White "Hamm, Stefan"]
[Black "Maurischat, Philipp"]
[Result "1-0"]
[WhiteElo "2270"]
[BlackElo "2035"]

1.e4 c5 2.Nf3 Nc6 3.d4 cxd4 4.Nxd4 e6 5.Nc3 Qc7 6.Be2 a6 7.O-O Nf6 8.Be3 Bb4
9.Na4 O-O 10.Nxc6 bxc6 11.Qd4 Bd6 12.g3 Rb8 13.c3 Be5 14.Qd3 d5 15.exd5 cxd5
16.Rab1 Qa5 17.b3 Rd8 18.Bd4 Bxd4 19.cxd4 Ne4 20.Rfc1 Bd7 21.Qxa6 Qb4 22.Nc5 Nc3
23.Rb2 Qxd4 24.Nxd7 Rxd7 25.Rbc2 Ne4 26.Rc8+ Rd8 27.Rxb8  1-0

[Event "Wuerttemberg-ch"]
[Site "Willsbach"]
[Date "1997.??.??"]
[Round "2"]
[White "Haist, Wolfgang"]
[Black "Maurischat, Philipp"]
[Result "1-0"]
[WhiteElo "2245"]
[BlackElo "2035"]

1.e4 c5 2.Nf3 Nc6 3.Nc3 e6 4.d4 cxd4 5.Nxd4 Qc7 6.Be3 a6 7.Bd3 Nf6 8.Nxc6 bxc6
9.f4 Rb8 10.Rb1 e5 11.O-O Bd6 12.Qf3 exf4 13.Bxf4 Bxf4 14.Qxf4 Qxf4 15.Rxf4 d6
16.b3 Nd7 17.Rd1 Ne5 18.Nb1 a5 19.Be2 Ke7 20.Nd2 Be6 21.h3 a4 22.Rff1 Ra8
23.Nf3 Nxf3+ 24.Rxf3 f6 25.Rg3 g6 26.Rc3 axb3 27.axb3 Rhc8 28.Kf2 c5 29.Bc4 Bxc4
30.Rxc4 Rcb8 31.Ke3 Ra6 32.g4 Rh8 33.Kf4 Ke6 34.g5 Rf8 35.Ra4 Rxa4 36.bxa4 f5
37.c4 fxe4+ 38.Kxe4 Rf2 39.Ra1 Rc2 40.Kd3 Rf2 41.a5 d5 42.a6 Rf8 43.a7 Ra8
44.cxd5+ Kxd5 45.Ra5 Kd6 46.Kc4 Kc6 47.Ra6+ Kb7 48.Kb5 c4 49.Rb6+ Kc7 50.Ka6 Rc8
51.Rb7+ Kd6 52.Rb8  1-0

[Event "Zadar op"]
[Site "Zadar"]
[Date "1997.??.??"]
[Round "5"]
[White "Vadla, Zeljko"]
[Black "Bistric, Faruk"]
[Result "0-1"]
[WhiteElo "2240"]
[BlackElo "2430"]

1.e4 c5 2.Nf3 e6 3.d4 cxd4 4.Nxd4 Nc6 5.Nc3 Qc7 6.Be2 Nf6 7.O-O a6 8.Kh1 Be7
9.f4 d6 10.Be3 Bd7 11.a4 O-O 12.Nb3 b6 13.Bf3 Rad8 14.g4 Bc8 15.g5 Nd7 16.Bg2 Rfe8
17.Rf3 Bf8 18.Rh3 g6 19.f5 Nde5 20.Qe1 Nb4 21.Qh4 h5 22.gxh6 Kh7 23.Nd4 Be7
24.Qf2 Rf8 25.Qf1 Bf6 26.Rd1 Rde8 27.Rg3 Bb7 28.Qg1 Bh4 29.Rh3 Qe7 30.Rf1 gxf5
31.Rxf5 Rg8 32.Qf1 exf5 33.Nxf5 Qf6 34.Rxh4 Nxc2 35.Bc1 Ne1 36.Qxe1 Qxf5
37.Rf4 Qg6 38.Qf1 Kh8 39.Rf6 Qg4 40.Bf4 Re6 41.Bxe5 dxe5 42.Rxf7 Rxh6 43.Rxb7 Rhg6
44.Ne2 Qxg2+ 45.Qxg2 Rxg2 46.Ng3 Rxb2  0-1

[Event "Zagreb op"]
[Site "Zagreb"]
[Date "1997.??.??"]
[Round "8"]
[White "Feletar, Darko"]
[Black "Rogic, Davor"]
[Result "1/2-1/2"]
[WhiteElo "2330"]
[BlackElo "2455"]

1.e4 c5 2.Nf3 Nc6 3.Nc3 e6 4.d4 cxd4 5.Nxd4 d6 6.g4 a6 7.Be3 Nge7 8.Nb3 b5
9.f4 g5 10.fxg5 Ne5 11.Bd3 N7g6 12.Be2 Nh4 13.Rg1 Be7 14.Rg3 Bb7 15.Qd4 Rg8
16.O-O-O Nc6 17.Qd2 Rxg5 18.Qe1 Rg8 19.Qf2 Ng6 20.g5 Nce5 21.a3 Rc8 22.Nc5 Qc7
23.Nxb7 Qxb7 24.Bd4 h6 25.gxh6 Rh8 26.Qe3 Bf8 27.Rh3 Rh7 28.Kb1 b4 29.axb4 Qxb4
30.Bxa6 Rb8 31.b3 Bxh6 32.Rxh6 Ng4 33.Rxg6 Nxe3 34.Rg8+ Ke7 35.Rxb8 Qxb8
36.Bxe3 Rh3 37.Bd2 Qb6 38.Bc4 Qf2 39.Bd3 Rxh2 40.Nb5 Qf3 41.Kc1 Rh1 42.Rxh1 Qxh1+
43.Kb2 d5 44.e5 f5 45.exf6+ Kxf6 46.b4 e5 47.Nc3 Ke6 48.Ba6 Qg2 49.Bc1 d4
50.Bc4+ Kd6 51.Ne2 Qf2 52.Kb3 e4 53.Nf4 Qf3+ 54.Nd3 exd3 55.Bxd3 Qd5+  1/2-1/2

[Event "CZE-ch"]
[Site "Zlin"]
[Date "1997.??.??"]
[Round "10"]
[White "Velicka, Petr"]
[Black "Jansa, Vlastimil"]
[Result "1-0"]
[WhiteElo "2405"]
[BlackElo "2490"]

1.e4 c5 2.Nf3 e6 3.d4 cxd4 4.Nxd4 Nc6 5.Nc3 a6 6.g3 d6 7.Bg2 Qc7 8.O-O Nf6
9.Nxc6 bxc6 10.Na4 Bb7 11.c4 c5 12.Re1 Nd7 13.b3 Be7 14.Bb2 O-O 15.Qd2 Bc6
16.Rad1 Rfd8 17.Nc3 Nf8 18.Ne2 a5 19.h4 a4 20.Nf4 axb3 21.Bxg7 Kxg7 22.Nh5+ Kg6
23.Qf4 Kxh5 24.Qxf7+ Kh6 25.g4 Ra7 26.g5+ Bxg5 27.hxg5+ Kxg5 28.f4+ Kg4 29.Bh3+  1-0

[Event "Reggio Emilia9798 40th"]
[Site "Reggio Emilia"]
[Date "1998.01.03"]
[Round "8"]
[White "Belotti, Bruno"]
[Black "Romanishin, Oleg M"]
[Result "1/2-1/2"]
[WhiteElo "2410"]
[BlackElo "2550"]

1.e4 c5 2.Nf3 e6 3.d4 cxd4 4.Nxd4 Nc6 5.Nc3 a6 6.Nxc6 bxc6 7.Bd3 d5 8.O-O Nf6
9.Re1 Be7 10.e5 Nd7 11.Qg4 g6 12.Bh6 Rb8 13.Qh3 Rb4 14.Bg7 Rh4 15.Qg3 Rg8
16.Bf6 Rb4 17.Bxe7 Qxe7 18.b3 h5 19.Na4 Rg4 20.Qe3 Qg5 21.g3 Qxe3 22.Rxe3 Rb4
23.c4 d4 24.Re2 c5 25.Be4 Bb7 26.Nb2 Bxe4 27.Rxe4 a5 28.Rb1 Ke7 29.Re2 Rgb8
30.Rd1 R4b7 31.f4 Rc7 32.Rb1 Nb6 33.Rc2 Kd7 34.Kf2 Kc6 35.Kf3 Rcb7 36.Ke4 a4
37.Nd3 axb3 38.Rxb3 Na4 39.Ra3 Ra8 40.Kf3 Raa7 41.Rb3 Nb6 42.Rcb2 Na4 43.Rxb7 Rxb7
44.Rxb7 Kxb7 45.g4 hxg4+ 46.Kxg4 Kc6 47.Kg5 Nb6 48.Nb2 Nxc4 49.Nxc4 Kd5 50.Nd2 c4
51.Kg4 c3 52.Kf3 cxd2 53.Ke2 Ke4 54.a4 Kd5 55.Kxd2 Kc4 56.a5 Kb5 57.Kd3 Kxa5
58.Kxd4 Kb5 59.h3 Kc6  1/2-1/2

[Event "Ano Liosia op"]
[Site "Athens"]
[Date "1998.01.06"]
[Round "4"]
[White "Bykhovsky, Anatoly A"]
[Black "Djuric, Stefan"]
[Result "1/2-1/2"]
[WhiteElo "2420"]
[BlackElo "2520"]

1.e4 c5 2.Nf3 e6 3.d4 cxd4 4.Nxd4 Nc6 5.Nc3 a6 6.g3 Qc7 7.Bg2 Nf6 8.O-O h6
9.Be3 Ne5 10.Nb3 Nc4 11.Bc1 Bb4 12.Qd4 Be7 13.a4 O-O 14.a5 e5 15.Qd3 d6 16.Ra4 b5
17.axb6 Nxb6 18.Ra1 Be6 19.Nd5 Nbxd5 20.exd5 Bd7 21.Na5  1/2-1/2

[Event "Ano Liosia op"]
[Site "Athens"]
[Date "1998.01.10"]
[Round "8"]
[White "Cela, Altin"]
[Black "Cvetkovic, Srdjan"]
[Result "1-0"]
[WhiteElo "2445"]
[BlackElo "2430"]

1.e4 c5 2.Nf3 Nc6 3.Nc3 e6 4.d4 cxd4 5.Nxd4 a6 6.Be2 d6 7.O-O Nf6 8.Be3 Bd7
9.f4 Be7 10.Kh1 O-O 11.Qe1 b5 12.a3 Nxd4 13.Bxd4 Bc6 14.Qg3 g6 15.f5 e5 16.Be3 Nxe4
17.Nxe4 Bxe4 18.Bh6 Re8 19.Bd3 Bxd3 20.cxd3 Bf8 21.Bg5 Be7 22.f6 Bf8 23.Qh4 Qb6
24.Bh6 Qd4 25.g4 Qd5+ 26.Kg1 Qd4+ 27.Kg2 Rac8 28.Rf2 Kh8 29.Re1 Qxd3 30.Re3 Qd5+
31.Ref3 g5 32.Bxg5 Rc4 33.b3 Rd4 34.Be3 Rd3 35.Re2 Qe4 36.Kf2 d5 37.Rh3 Rxe3
38.Rexe3 Bc5 39.Qg5 Bxe3+ 40.Rxe3 Qc2+ 41.Kg3 Rg8 42.Qxe5 Qd1 43.h3 d4 44.Rf3 d3
45.Qd4 d2 46.Rd3 Qe1+ 47.Kf4 Qf1+ 48.Kg3 Qe1+ 49.Kf4 Qh4 50.Qe3 h5 51.Qe2 Qxf6+
52.Kg3 Rd8 53.Qxd2 Rxd3+ 54.Qxd3 hxg4 55.Kxg4 Qg6+ 56.Qxg6 fxg6 57.Kf4 Kh7
58.Ke5 Kh6 59.b4 Kg5 60.Ke6 Kh5 61.Kf7 Kh6 62.h4 Kh7 63.Ke6 Kg7 64.Ke7 Kh6
65.Kf6 Kh7 66.Kf7 Kh6 67.Kg8 g5 68.hxg5+ Kxg5 69.Kf7 Kf5 70.Ke7 Ke5 71.Kd7 Kd4
72.Kc7 Kc4 73.Kb6  1-0

[Event "CRO-ch06"]
[Site "Pula"]
[Date "1998.01.11"]
[Round "3"]
[White "Palac, Mladen"]
[Black "Cebalo, Miso"]
[Result "0-1"]
[WhiteElo "2545"]
[BlackElo "2515"]

1.e4 c5 2.Nf3 Nc6 3.d4 cxd4 4.Nxd4 e6 5.Nc3 d6 6.Be3 Nf6 7.f4 Be7 8.Qf3 O-O
9.O-O-O Qc7 10.Rg1 Nxd4 11.Bxd4 e5 12.fxe5 dxe5 13.Qg3 Be6 14.Bxe5 Qa5 15.Be2 Rac8
16.a3 h5 17.Nd5 Bxd5 18.exd5 Rfe8 19.Rge1 g6 20.Bf3 Qa4 21.Re2 Bd6 22.c3 Rxe5
23.Rxe5 Kg7 24.Qg5 b5 25.Rf5 Nh7 26.Qe3 gxf5 27.Rd4 Qa5 28.Bxh5 Qc7 29.Qf3 Be5
30.Rh4 Bf6 31.Rb4 Qxh2 32.Qxf5 Bg5+ 33.Kb1 Rc7 34.d6 Qxd6 35.Rg4 Qf6 36.Qxb5 Kh6  0-1

[Event "Pobeskydi"]
[Site "Frydek-Mistek"]
[Date "1998.01.21"]
[Round "1"]
[White "Veselovsky, Sergey"]
[Black "Kubala, Petr"]
[Result "1-0"]
[WhiteElo "2435"]
[BlackElo "2315"]

1.e4 c5 2.Ne2 Nc6 3.d4 cxd4 4.Nxd4 e6 5.Nc3 Qc7 6.Be2 Nf6 7.O-O a6 8.Be3 Bb4
9.Nxc6 bxc6 10.Qd4 c5 11.Qc4 Bb7 12.a3 Bxc3 13.Qxc3 Bxe4 14.f3 Nd5 15.Qxg7 Nxe3
16.Qxh8+ Ke7 17.Qg7 Nxf1 18.Qg5+ f6 19.Qg7+ Ke8 20.Rxf1 Bc6 21.Qg8+ Ke7 22.Qxh7+  1-0

[Event "RUS-Cup02"]
[Site "Moscow"]
[Date "1998.01.26"]
[Round "6"]
[White "Saltaev, Mihail"]
[Black "Korneev, Oleg"]
[Result "0-1"]
[WhiteElo "2510"]
[BlackElo "2560"]

1.e4 c5 2.Nf3 e6 3.d4 cxd4 4.Nxd4 Nc6 5.Nc3 Qc7 6.Be3 a6 7.Bd3 Nf6 8.O-O Ne5
9.h3 Bc5 10.Kh1 d6 11.f4 Ng6 12.Qf3 O-O 13.Rae1 b5 14.Qg3 Nh5 15.Qg5 Nhxf4
16.Rxf4 b4 17.Nce2 e5 18.Rf3 exd4 19.Bxd4 Be6 20.Rg3 f6 21.Qh5 Ne5 22.b3 Kh8
23.Rf1 a5 24.Bb2 Qf7 25.Nf4 Qxh5 26.Nxh5 Ra7 27.Bb5 Rb7 28.Ba4 f5 29.exf5 Rxf5
30.Rxf5 Bxf5 31.c3 h6 32.cxb4 axb4 33.Bc6 Nxc6 34.Nxg7 Bd4 35.Nxf5 Bxb2 36.Rg6 Be5
37.g4 Bf4 38.Nxd6 Re7 39.Rf6 Bg5 40.Rf8+ Kh7 41.Nf5 Rd7 42.h4 Bd8 43.Re8 Nd4
44.Re4 Nxf5 45.gxf5 Be7 46.Kg2 Kg7 47.Kg3 Kf7 48.Kg4 Rd2 49.Re6 h5+ 50.Kf4 Rf2+  0-1

[Event "Hoogovens-B"]
[Site "Wijk aan Zee"]
[Date "1998.01.27"]
[Round "7"]
[White "Van der Wiel, John TH"]
[Black "Kobalija, Mihail"]
[Result "1/2-1/2"]
[WhiteElo "2525"]
[BlackElo "2500"]

1.e4 c5 2.Nf3 e6 3.d4 cxd4 4.Nxd4 Nc6 5.Nc3 Qc7 6.Be2 a6 7.O-O Nf6 8.Kh1 Nxd4
9.Qxd4 Bc5 10.Qd3 b5 11.f4 Bb7 12.Bf3 h5 13.e5 Ng4 14.Bxb7 Qxb7 15.Ne4 Be7
16.b3 Rc8 17.Bb2 Nh6 18.Qf3 Qb8 19.Rf2 Nf5 20.Rd1 h4 21.Rfd2 Rc7 22.Bd4 Qb7
23.c3 a5 24.Rd3 Qc6 25.Bf2 Qb7 26.Kg1 f6 27.Re1 O-O 28.Qh5 fxe5 29.fxe5 Qb8
30.Qg6 Rf7 31.g4 hxg3 32.hxg3 Rb7 33.g4 Nh4 34.Bxh4 Bxh4 35.Nd6 Rf8 36.Rf1 Rxf1+
37.Kxf1 Qf8+ 38.Kg2 Qf2+ 39.Kh3 Be7 40.Nxb7 Qf1+ 41.Kg3 Qg1+ 42.Kf4 Qf1+
43.Ke4 Qe1+ 44.Kd4 Qg1+ 45.Re3 Qd1+  1/2-1/2

[Event "Europe vs Americas"]
[Site "Mermaid Beach"]
[Date "1998.01.28"]
[Round "3"]
[White "Waitzkin, Joshua"]
[Black "Plaskett, Jim"]
[Result "1-0"]
[WhiteElo "2465"]
[BlackElo "2445"]

1.e4 c5 2.Nf3 Nc6 3.d4 cxd4 4.Nxd4 e6 5.Nc3 Qc7 6.Be3 a6 7.Bd3 b5 8.Nxc6 Qxc6
9.O-O Bb7 10.Qe1 Nf6 11.f3 Bc5 12.Kh1 Bxe3 13.Qxe3 d6 14.a4 b4 15.Nb1 O-O
16.a5 e5 17.Nd2 d5 18.exd5 Qxd5 19.Nc4 Rae8 20.Qb6 e4 21.Ne3 Qc6 22.Bxa6 Qxb6
23.axb6 Bxa6 24.Rxa6 exf3 25.Nc4  1-0